LDR 00761naa#a2200193#i#450# 001 EN\\bibl\120830 005 20260429223708.3 011 ## _a2223-4608 100 ## _a20260430b2026####ek#y0engy0150####ca 102 ## _aRU 200 1# _aInfluence of the interelectrode medium and energy parameters on coating under formation during mechanized electric disintegration _eJournal article 210 1# _aBryansk _cBryansk State Technical University _d2026 215 ## _a11 с. 608 ## _aJournal article _2local 675 ## _aЭлектроэрозионная (электроискровая) обработка. 621.9.048.4 _z 700 #1 _aZhuldybin _gAndrey Arkadievich 700 #1 _aVladimirov _gAlexander Andreevich 700 #1 _aShapovalov _gAnton Ivanovich 856 4# _abstu.editorum.ru _u